| 000 | 00829 a2200229 4500 | ||
|---|---|---|---|
| 005 | 20260312162055.0 | ||
| 008 | 260312b |||||||| |||| 00| 0 eng d | ||
| 020 | _a8171828892 (pbk) | ||
| 037 | _cTB | ||
| 040 |
_aCRL _cCRL |
||
| 041 |
_2hin _ahin |
||
| 084 | _aO152,3M80x J6;R5 | ||
| 100 | _aप्रेमचंद | ||
| 245 | _aकफ़न | ||
| 260 |
_aनई दिल्ली, भारत: _bडायमंड बुक्स, _c2025. |
||
| 300 | _a115पृ. | ||
| 365 |
_b150.00 _cINR |
||
| 650 | _aहिन्दी कहानी | ||
| 650 | _aहिन्दी साहित्य | ||
| 942 |
_cTB _2CC _hO152,3M80x J6;R5 |
||
| 999 |
_c1679865 _d1679865 |
||